Cultura política de la democracia en el Salvador: 2006 (I)
Bewaard in:
| Formaat: | Texto |
|---|---|
| Onderwerpen: | |
| Tags: |
Voeg label toe
Geen labels, Wees de eerste die dit record labelt!
|
MARC
| LEADER | 00000 a a2200000 04500 | ||
|---|---|---|---|
| 001 | 6861 | ||
| 003 | |||
| 040 | |||
| 245 | |a Cultura política de la democracia en el Salvador: 2006 (I) | ||
| 650 | |a DEMOCRACIA | ||
| 650 | |a SISTEMAS POLITICOS | ||
| 650 | |a EL SALVADOR | ||
| 773 | |g volumen 28, número 1257; páginas 11-12 | ||
| 999 | |c 31964 |d 31964 | ||
